Kladivo na efektívnosť, bič na kurupciu

Elektronické aukcie majú zabrániť plytvaniu a škandálom pri verejných transakciách. Ako funguje elektronická aukcia. Pozícia elektronickej sukcie v priebehu verejného obstarávania.

Gespeichert in:
Bibliographische Detailangaben
1. Verfasser: Skala, Peter
Format: Buchkapitel
Sprache:Slowakisch
Schlagworte:
Tags: Tag hinzufügen
Keine Tags, Fügen Sie das erste Tag hinzu!

MARC

LEADER 00000naa a2200000 4500
001 0146052
005 20231113073626.1
041 0 |a slo 
044 |a SK 
245 1 0 |a Kladivo na efektívnosť, bič na kurupciu  |c Peter Skala 
520 |a Elektronické aukcie majú zabrániť plytvaniu a škandálom pri verejných transakciách. Ako funguje elektronická aukcia. Pozícia elektronickej sukcie v priebehu verejného obstarávania. 
610 2 0 |a aukcie 
610 2 0 |a elektronizácia 
610 2 0 |a obstarávanie verejné 
100 1 |a Skala, Peter